Every Metro Area in the United States - Statistics

General Stats
  • This quiz has been taken 2,720 times
    2,710 since last reset
  • The average score is 171 of 384
Answers on the Map
Answers color-coded by a green-red scale on the quiz's map according to % correct below.
 
Answer Stats
Population Metro Area % Correct
12,997,353 Los Angeles - Long Beach - Anaheim
96%
19,768,458 New York - Newark - Jersey City
96%
4,011,553 Seattle - Tacoma - Bellevue
96%
9,509,934 Chicago - Naperville - Elgin
95%
7,759,615 Dallas - Fort Worth - Arlington
95%
7,206,841 Houston - The Woodlands - Sugar Land
95%
6,091,747 Miami - Fort Lauderdale - Pompano Beach
95%
4,623,264 San Francisco - Oakland - Berkeley
95%
4,946,145 Phoenix - Mesa - Chandler
94%
2,511,612 Portland - Vancouver - Hillsboro
94%
4,899,932 Boston - Cambridge - Newton
93%
2,972,566 Denver - Aurora - Lakewood
93%
4,365,205 Detroit - Warren - Dearborn
93%
2,292,476 Las Vegas - Henderson - Paradise
93%
3,286,069 San Diego - Chula Vista - Carlsbad
93%
6,144,050 Atlanta - Sandy Springs - Alpharetta
92%
160,050 | 180,799 | 587,202 Jackson
92%
3,690,512 Minneapolis - St. Paul - Bloomington
92%
1,261,726 New Orleans - Metairie
92%
556,893 Portland - South Portland
92%
6,356,434 Washington - Arlington - Alexandria
92%
2,352,426 Austin - Round Rock - Georgetown
91%
2,199,490 Kansas City
91%
6,228,601 Philadelphia - Camden - Wilmington
91%
1,263,061 Salt Lake City
91%
2,838,327 Baltimore - Columbia - Towson
90%
2,691,925 Orlando - Kissimmee - Sanford
90%
3,219,514 Tampa - St. Petersburg - Clearwater
90%
871,234 El Paso
89%
2,126,804 Indianapolis - Carmel - Anderson
89%
1,637,666 | 206,160 Jacksonville
89%
2,012,476 Nashville - Murfreesboro - Franklin
89%
1,441,647 Oklahoma City
89%
2,601,788 San Antonio - New Braunfels
89%
2,701,046 Charlotte - Concord - Gastonia
88%
1,000,890 Honolulu
88%
2,809,299 St. Louis
88%
127,938 Cleveland
87%
2,075,662 Cleveland - Elyria
87%
2,353,538 Pittsburgh
87%
2,411,428 Sacramento - Roseville - Folsom
87%
398,807 Anchorage
86%
795,268 Boise City
86%
1,162,336 Buffalo - Cheektowaga
86%
2,151,017 | 327,536 | 82,475 Columbus
86%
1,336,103 Memphis
86%
383,189 Eugene - Springfield
85%
1,566,487 Milwaukee - Waukesha
84%
147,773 Albany
83%
129,839 Albany - Lebanon
83%
899,286 Albany - Schenectady - Troy
83%
1,952,185 San Jose - Sunnyvale - Santa Clara
83%
871,905 Baton Rouge
82%
135,633 | 206,898 | 481,483 | 695,305 Springfield
82%
918,259 Albuquerque
81%
255,020 Charleston
81%
813,052 Charleston - North Charleston
81%
497,535 Reno
81%
1,114,262 Birmingham - Hoover
80%
971,637 Omaha - Council Bluffs
80%
1,448,411 Raleigh - Cary
80%
1,324,062 Richmond
80%
2,259,935 Cincinnati
79%
750,936 Little Rock - North Little Rock - Conway
79%
1,284,566 Louisville
79%
1,675,774 Providence - Warwick
79%
1,803,328 Virginia Beach - Norfolk - Newport News
79%
719,146 Des Moines - West Des Moines
78%
1,023,988 Tulsa
78%
155,201 Santa Fe
77%
762,793 Colorado Springs
76%
683,183 Madison
76%
385,776 Tallahassee
76%
342,117 Lincoln
75%
1,052,030 Tucson
75%
100,863 Cheyenne
74%
1,013,581 Fresno
74%
1,211,906 Hartford - East Hartford - Middletown
73%
428,220 Mobile
73%
1,084,973 | 227,151 Rochester
73%
213,123 | 838,250 Columbia
72%
647,919 Wichita
72%
4,653,105 Riverside - San Bernardino - Ontario
71%
410,008 Savannah
71%
385,798 Montgomery
70%
436,283 Salem
70%
615,933 Augusta
69%
252,136 Fargo
69%
281,958 Sioux Falls
69%
593,466 Spokane - Spokane Valley
69%
644,217 Toledo
69%
95,593 Fairbanks
68%
329,490 Green Bay
68%
658,281 Syracuse
68%
596,305 Harrisburg - Carlisle
67%
232,670 Topeka
67%
187,037 Billings
66%
184,149 Dover
66%
1,091,620 Grand Rapids - Kentwood
66%
540,281 Lansing - East Lansing
66%
422,778 Corpus Christi
65%
813,516 Dayton - Kettering
65%
893,412 Knoxville
65%
917,673 Bakersfield
64%
290,780 Duluth
63%
517,846 Lexington
63%
700,015 Akron
62%
269,703 Amarillo
62%
134,417 Bismarck
62%
863,700 New Haven - Milford
61%
697,141 Provo - Orem
61%
269,011 Erie
60%
778,848 Greensboro - High Point
60%
297,977 Olympia - Lacey - Tumwater
60%
291,833 Wilmington
60%
654,012 Durham - Chapel Hill
59%
424,079 Manchester - Nashua
58%
446,475 Santa Maria - Santa Barbara
57%
385,898 Trenton - Princeton
57%
173,877 Burlington
56%
226,611 Burlington - South Burlington
56%
145,052 Flagstaff
56%
325,245 Lubbock
56%
959,768 Bridgeport - Stamford - Norwalk
55%
567,750 Scranton - Wilkes-Barre
55%
389,155 Shreveport - Bossier City
55%
329,543 Boulder
54%
423,038 Fort Wayne
54%
502,728 Huntsville
53%
150,706 Jefferson City
53%
479,212 Lafayette
52%
224,709 Lafayette - West Lafayette
52%
369,390 Ann Arbor
51%
423,029 Brownsville - Harlingen
51%
787,976 Cape Coral - Fort Myers
51%
567,641 Chattanooga
51%
560,709 Fayetteville - Springdale - Rogers
51%
280,428 Waco
51%
274,966 Atlantic City - Hammonton
50%
58,993 Carson City
50%
524,588 Fayetteville
50%
880,356 McAllen - Edinburg - Mission
50%
865,310 Allentown - Bethlehem - Easton
49%
267,945 Laredo
49%
516,388 Pensacola - Ferry Pass - Brent
49%
978,447 Worcester
49%
79,555 Casper
48%
275,435 Cedar Rapids
48%
404,208 Flint
48%
418,082 Gulfport - Biloxi
48%
706,696 Ogden - Clearfield
47%
149,265 Sioux City
47%
789,410 Stockton
47%
290,211 Utica - Rome
47%
323,695 South Bend - Mishawaka
46%
217,759 Athens
45%
206,990 Yuma
45%
152,765 Bangor
44%
940,774 Greenville - Anderson
44%
221,508 Las Cruces
44%
233,883 Macon
44%
119,533 Missoula
44%
172,169 Greenville
43%
162,786 Idaho Falls
43%
204,801 Bend
42%
362,533 Fort Collins
42%
381,568 Davenport - Moline - Rock Island
41%
177,239 Iowa City
41%
398,224 Peoria
41%
268,191 Tuscaloosa
41%
538,069 Youngstown - Warren - Boardman
41%
472,341 Asheville
40%
685,344 Deltona - Daytona Beach - Ormond Beach
40%
509,794 Myrtle Beach - Conway - North Myrtle Beach
40%
147,174 Texarkana
40%
859,760 North Port - Sarasota - Bradenton
39%
839,784 Oxnard - Thousand Oaks - Ventura
39%
141,979 Rapid City
39%
313,946 Evansville
38%
173,180 | 83,457 Midland
38%
314,496 Roanoke
38%
681,438 Winston-Salem
38%
207,369 | 341,756 Gainesville
37%
161,091 Odessa
37%
182,139 Redding
37%
553,652 Lancaster
36%
616,628 Palm Bay - Melbourne - Titusville
36%
169,622 Pueblo
36%
222,688 Charlottesville
35%
157,335 Grand Junction
35%
356,581 Huntington - Ashland
35%
261,108 Kalamazoo - Portage
35%
111,034 Lewiston - Auburn
35%
552,999 Modesto
35%
161,321 | 170,889 Bloomington
34%
336,278 Rockford
34%
272,041 College Station - Bryan
33%
179,168 Panama City
33%
150,890 Alexandria
32%
222,696 Champaign - Urbana
32%
173,317 Eau Claire
32%
103,462 Grand Forks
32%
105,162 Ithaca
32%
503,521 Port St. Lucie
32%
256,035 Yakima
32%
458,696 York - Hanover
32%
177,314 Abilene
31%
395,419 Beaumont - Port Arthur
31%
136,207 Napa
31%
191,226 St. George
31%
182,594 Bowling Green
30%
155,274 | 204,884 Monroe
30%
385,980 Naples - Marco Island
30%
701,637 Poughkeepsie - Newburgh - Middletown
30%
429,342 Reading
30%
267,792 Santa Cruz - Watsonville
30%
137,740 Wheeling
30%
228,831 Bellingham
29%
245,459 Fort Smith
29%
84,511 Great Falls
29%
753,520 Lakeland - Winter Haven
29%
140,745 Morgantown
29%
149,013 Wichita Falls
29%
210,362 Lake Charles
28%
96,213 Pocatello
28%
485,887 Santa Rosa - Petaluma
28%
126,195 Ames
27%
244,084 Appleton
27%
245,220 Binghamton
27%
400,525 Canton - Massillon
27%
171,623 Oshkosh - Neenah
27%
283,159 San Luis Obispo - Paso Robles
27%
237,186 Tyler
27%
62,682 Walla Walla
27%
119,363 Lawrence
26%
133,932 Manhattan
26%
157,527 State College
26%
177,218 Auburn - Opelika
25%
328,304 Clarksville
25%
179,789 Coeur d'Alene
25%
308,661 Kingsport - Bristol
25%
262,258 Lynchburg
25%
196,896 Racine
25%
189,591 Saginaw
25%
165,293 Blacksburg - Christiansburg
24%
98,718 Dubuque
24%
182,541 Joplin
24%
486,101 Killeen - Temple
24%
223,734 Medford
24%
268,805 Norwich - New London
24%
200,406 St. Cloud
24%
116,905 Twin Falls
24%
98,771 Rome
23%
208,068 Johnson City
22%
308,293 Kennewick - Richland
22%
64,851 Lewiston
22%
437,325 Salinas
22%
102,432 | 156,758 Decatur
21%
217,692 Lake Havasu City - Kingman
21%
385,915 Ocala
21%
335,864 Spartanburg
21%
167,796 Waterloo - Cedar Falls
21%
121,767 Altoona
20%
208,309 Chico
20%
293,324 Crestview - Fort Walton Beach - Destin
20%
120,993 Farmington
20%
340,036 Greeley
20%
173,078 Hattiesburg
20%
134,878 Jonesboro
20%
139,211 La Crosse - Onalaska
20%
152,083 Logan
20%
286,461 Merced
20%
242,253 Prescott Valley - Prescott
20%
120,424 St. Joseph
20%
149,152 Valdosta
20%
96,017 Corvallis
19%
76,175 Grand Island
19%
100,330 Hot Springs
19%
184,910 Terre Haute
19%
98,127 Victoria
19%
102,985 Bay City
18%
151,618 Dothan
18%
151,517 Florence - Muscle Shoals
18%
104,127 Gettysburg
18%
298,227 Hagerstown - Martinsburg
18%
122,344 San Angelo
18%
199,259 Florence
17%
164,381 Janesville - Beloit
17%
101,670 Lima
17%
111,524 | 287,868 Longview
17%
112,390 Michigan City - La Porte
17%
111,871 Muncie
17%
121,227 Owensboro
17%
429,223 Salisbury
17%
117,747 Sheboygan
17%
477,054 Visalia
17%
115,972 Anniston - Oxford
16%
133,819 Battle Creek
16%
61,926 Enid
16%
95,661 Ocean City
16%
88,687 Parkersburg - Vienna
16%
451,716 Vallejo
16%
116,295 Watertown - Fort Drum
16%
113,963 Brunswick
15%
97,699 Cape Girardeau
15%
132,907 Carbondale - Marion
15%
135,824 Harrisonburg
15%
164,221 Kahului - Wailuku - Lahaina
15%
176,511 Muskegon
15%
86,412 Pine Bluff
15%
128,657 Pittsfield
15%
145,155 Winchester
15%
206,212 Houma - Thibodaux
14%
127,543 Lawton
14%
130,696 Mount Vernon - Anacortes
14%
166,189 Wausau - Weston
14%
182,484 Yuba City
14%
94,586 Cumberland
13%
179,851 El Centro
13%
156,766 Elizabethtown - Fort Knox
13%
206,921 Elkhart - Goshen
13%
104,362 Fond du Lac
13%
222,072 Hilton Head Island - Bluffton
13%
103,612 Mankato
13%
366,441 Hickory - Lenoir - Morganton
12%
182,951 Kingston
12%
83,687 Kokomo
12%
143,535 Rocky Mount
12%
126,050 Sierra Vista - Douglas
12%
153,627 Vineland - Bridgeton
12%
113,605 Williamsport
12%
73,095 Danville
11%
83,045 Elmira
11%
88,346 Grants Pass
11%
135,217 Hammond
11%
132,167 Johnstown
11%
125,195 Mansfield
11%
113,698 Beckley
10%
274,314 Bremerton - Silverdale - Port Orchard
10%
239,294 Daphne - Fairhope - Foley
10%
106,601 Kankakee
10%
143,493 Lebanon
10%
125,774 Staunton
10%
195,246 Warner Robins
10%
115,585 Weirton - Steubenville
10%
123,342 Wenatchee
10%
156,289 Chambersburg - Waynesboro
9%
142,799 Dalton
9%
159,410 Madera
9%
122,273 New Bern
9%
163,662 Sebastian - Vero Beach
9%
139,336 Sherman - Denison
9%
135,638 The Villages
9%
103,162 Gadsden
8%
126,574 Glens Falls
8%
153,443 Hanford - Corcoran
8%
103,296 Sebring - Avon Park
8%
135,782 Sumter
8%
114,468 California - Lexington Park
7%
116,835 Goldsboro
7%
194,843 Punta Gorda
7%
82,863 Hinesville
6%
153,101 Niles
6%
169,273 East Stroudsburg
5%
143,855 Morristown
5%
232,411 Barnstable Town
4%
82,959 Bloomsburg - Berwick
4%
158,083 Homosassa Springs
4%
No matching quizzes found
Score Distribution
Percent of People with Each Score
Percentile by Number Answered
Your Score History
You have not taken this quiz since the last reset